00293nam a2200121Ia 4500003000400000005001700004008004100021020001900062040001700081100002300098245002500121260002500146OSt20240229123215.0170524s9999 xx 000 0 und d a978-8189612276 ciimtu meerut aDR. SINGH- NISHANT 0aVIGYAPAN PRABHANDHAN bOMEGA PUB. NEW DELHI